U.S. States in the Pacific Time Zone - Statistics

General Stats
  • This quiz has been taken 133 times
  • The average score is 5 of 6
Answer Stats
State % Correct
California
98%
Oregon
96%
Washington
96%
Nevada
91%
Idaho
75%
Alaska
53%
No matching quizzes found
Score Distribution
Percent of People with Each Score
Percentile by Number Answered
Your Score History
You have not taken this quiz